| 000 | 02558cam a22006494i 4500 | ||
|---|---|---|---|
| 003 | PE-LiUPU | ||
| 005 | 20250731170428.0 | ||
| 008 | 190814s2018 sp a rb 000 0 spa d | ||
| 020 | _a8434427699 | ||
| 020 | _a9788434427693 | ||
| 035 | _a(Sirsi) a252473 | ||
| 040 |
_aPE-LiUPU _bspa _cPE-LiUPU _erda |
||
| 049 | _aPRUA | ||
| 082 | 0 | 4 |
_a150.9 _bS21 _220 |
| 100 | 1 |
_aSantamaría, Carlos, _eautor. |
|
| 245 | 1 | 0 |
_aHistoria de la psicología : _bel nacimiento de una ciencia / _cCarlos Santamaría. |
| 250 | _a1.a edición. | ||
| 264 | 1 |
_aBarcelona: _bAriel, _c2018. |
|
| 300 |
_a204 páginas : _bilustraciones ; _c24 centímetros. |
||
| 336 |
_atext _2rdacontent |
||
| 337 |
_aunmediated _2rdamedia |
||
| 338 |
_avolume _2rdacarrier |
||
| 490 | 0 | _aCiencias sociales. Psicología | |
| 504 | _aBibliografía: páginas 175-192. | ||
| 505 | 0 | _aAntecedentes filosóficos de la psicología contemporánea -- El contexto biológico y neurológico -- El surgimiento de la psicología científica -- Funcionalismo y estructuralismo -- La medida de las capacidades humanas -- La escuela psicológica de la Gestalt -- El psicoanálisis -- Los precursores del conductismo -- Conductismo y neoconductismo -- La psicología humanista -- E(re)surgimiento de la psicología cognitiva. | |
| 526 | _aSEG68 | ||
| 526 | _aSEG70 | ||
| 526 | _aSEG69 | ||
| 526 | _aSEG67 | ||
| 526 | _aSEG43 | ||
| 526 | _aP144 | ||
| 526 | _aP143 | ||
| 526 | _aP131 | ||
| 526 | _aP122 | ||
| 526 | _aP120 | ||
| 526 | _aP117 | ||
| 526 | _aP112 | ||
| 526 | _aP110 | ||
| 526 | _aP106 | ||
| 526 | _aP101 | ||
| 526 | _aP80 | ||
| 526 | _aP59 | ||
| 526 | _aP54 | ||
| 526 | _aP35 | ||
| 526 | _aP33 | ||
| 526 | _aP30 | ||
| 541 | _g002-00001570; | ||
| 541 |
_gF00-00002206; _FT04265. |
||
| 650 | 0 | 4 |
_aPsicología _xHistoria |
| 910 |
_abgr _bncf _cncf _d20190814 |
||
| 942 |
_2ddc _cBOOK |
||
| 994 |
_aC0 _bPEPRU |
||
| 949 |
_a150.9 S21 _wDEWEY _c1 _iFT04265 _lCCODEBUT1 _mBUT _p26.40 _r0 _sY _tBOOK _u2022-03-29 _zPsicologia _0COMPRA _o.STAFF. Colección General Tarapoto |
||
| 596 | _a1 2 | ||
| 999 |
_a150.9 S21 _wLC _c31699 _i80548 _d31699 _e2022-6-22 _f2021-11-3 _g3 _lCCODEBUL1 _mBUL _n7 _p26.51 _q3 _r0 _sY _tBOOK _u2019-8-14 _xSALUD _zP33 _0COMPRA _1FCOMPR3 _o.STAFF. Colección Ciencias de la Salud |
||
| 999 |
_a150.9 S21 _wDEWEY _c1 _iFT04265 _lCCODEBUT1 _mBUT _p26.40 _r0 _sY _tBOOK _u2022-3-29 _xSALUD _PP33 _0COMPRA _1FCOMPR4 |
||
| 980 |
_81 _gALBERTO SANCHEZ Responsable de Automatización |
||